[Event "35th Zalakaros Open 2016"]
[Site "Zalakaros HUN"]
[Date "2016.05.28"]
[Round "2.33"]
[White "Lalic, Bogdan"]
[Black "Rigo, Janos"]
[Result "1/2-1/2"]
[WhiteTitle "GM"]
[BlackTitle "IM"]
[WhiteElo "2431"]
[BlackElo "2238"]
[WhiteFideId "409081"]
[BlackFideId "700371"]
[EventDate "2016.05.27"]

1. d4 Nf6 2. c4 e6 3. Nc3 Bb4 4. Qc2 d5 5. a3 Be7 6. Nf3 O-O 7. Bf4 c6 8. e3
Nbd7 9. h3 Nh5 10. Bh2 f5 11. Bd3 dxc4 12. Bxc4 Nb6 13. Be2 Nd5 14. O-O Bd6 15.
Bxd6 Qxd6 16. e4 Nxc3 17. bxc3 Nf4 18. Rfe1 Bd7 19. Bf1 fxe4 20. Qxe4 Rf5 21.
Ne5 Raf8 22. c4 Be8 23. Qe3 b6 24. g3 Ng6 25. Nxg6 Bxg6 26. f4 Rd8 27. Qxe6+
Qxe6 28. Rxe6 Rxd4 29. Rxc6 Rc5 30. Rxc5 bxc5 31. Re1 Bd3 32. Re8+ Kf7 33. Ra8
Bxf1 34. Kxf1 Rxc4 35. Rxa7+ Kf6 36. Kf2 h5 37. a4 h4 38. gxh4 Rxf4+ 39. Kg3 Rb4
40. a5 c4 41. Rc7 Ra4 42. a6 1/2-1/2

[Event "35th Zalakaros Open 2016"]
[Site "Zalakaros HUN"]
[Date "2016.05.28"]
[Round "2.34"]
[White "Vertetics, Attila"]
[Black "Szalanczy, Emil"]
[Result "1/2-1/2"]
[WhiteTitle "IM"]
[BlackTitle "IM"]
[WhiteElo "2425"]
[BlackElo "2218"]
[WhiteFideId "723720"]
[BlackFideId "700347"]
[EventDate "2016.05.27"]

1. d4 Nf6 2. Nf3 e6 3. c4 c5 4. e3 b6 5. d5 exd5 6. cxd5 g6 7. Nc3 Bg7 8. e4 O-O
9. Bd3 d6 10. h3 Na6 11. O-O Nc7 12. Re1 Ba6 13. Bxa6 Nxa6 14. Bf4 Nc7 15. a4
Re8 16. Nd2 Nh5 17. Bh2 Bh6 18. Nc4 Bf4 19. Bxf4 Nxf4 20. Qf3 Qf6 21. Kh2 Rad8
22. Rad1 Nh5 23. Qxf6 Nxf6 24. f4 Nh5 25. g3 f6 26. Kg2 Rd7 27. e5 fxe5 28. fxe5
dxe5 29. Nxe5 Rd6 30. Nc4 Rdd8 31. d6 Rxe1 32. Rxe1 Ne8 33. Ne4 Nhf6 34. Nxf6+
Nxf6 35. Re6 Nd7 36. Re7 a6 37. Kf3 b5 38. axb5 axb5 39. Na3 Nb6 40. Nxb5 Nc4
41. d7 Rxd7 42. Rxd7 Ne5+ 43. Ke4 Nxd7 44. Nc3 Kf7 45. Kd5 Ke7 46. b3 h5 47. Ne4
c4 48. bxc4 Nb6+ 49. Kc5 Nd7+ 50. Kd4 Nb8 51. Nc5 Nc6+ 52. Kd5 Nb4+ 53. Ke4 Na2
54. Nd3 Nc3+ 55. Ke3 Ke6 56. Nf4+ Kf5 57. Ne2 Nd1+ 58. Kf3 g5 59. Nd4+ Ke5 60.
c5 g4+ 61. hxg4 hxg4+ 62. Kxg4 Ne3+ 63. Kg5 Kxd4 64. c6 Nd5 65. g4 Kc5 66. Kh6
Kxc6 67. g5 Nf4 68. g6 Nxg6 1/2-1/2

[Event "35th Zalakaros Open 2016"]
[Site "Zalakaros HUN"]
[Date "2016.05.28"]
[Round "2.35"]
[White "Dragnev, Valentin"]
[Black "Peczely, Sebastian Zsombor"]
[Result "1-0"]
[WhiteTitle "IM"]
[WhiteElo "2423"]
[BlackElo "2255"]
[WhiteFideId "1634852"]
[BlackFideId "750964"]
[EventDate "2016.05.27"]

1. e4 e5 2. Nf3 Nc6 3. Bb5 Nge7 4. Nc3 g6 5. d4 exd4 6. Nd5 Bg7 7. Bg5 h6 8. Bf6
Bxf6 9. Nxf6+ Kf8 10. Qd2 d5 11. Bxc6 Nxc6 12. Nxd5 Bf5 13. Nxc7 Qxc7 14. exf5
Re8+ 15. Kf1 Qb6 16. c4 Qc5 17. Qd3 Qxf5 18. Qxf5 gxf5 19. Rd1 Rg8 20. g3 Rg4
21. Rd2 Rge4 22. Kg2 Kg7 23. Rhd1 Rd8 24. a3 a5 25. b3 Kf6 26. Ne1 Ne5 27. f3
Re3 28. f4 Nc6 29. Nd3 b6 30. b4 axb4 31. axb4 Rde8 32. Kf2 Ra8 33. b5 Na5 34.
Ne5 Nb3 35. Rxd4 Rc3 36. Rd6+ Kg7 37. Rd7 Rf8 38. Rb7 Rc2+ 39. Ke1 Rxh2 40. Rdd7
Rh1+ 41. Kf2 Nc5 42. Rxf7+ Rxf7 43. Rxf7+ Kg8 44. Kg2 Rc1 45. Rxf5 Ne4 46. Kf3
Re1 47. Rh5 Nd2+ 48. Kf2 Rf1+ 49. Ke2 Ne4 50. Rxh6 Nxg3+ 51. Kd3 Rxf4 52. Rg6+ 1-0

[Event "35th Zalakaros Open 2016"]
[Site "Zalakaros HUN"]
[Date "2016.05.28"]
[Round "2.36"]
[White "Michelle Catherina, P"]
[Black "Konopka, Michal"]
[Result "1-0"]
[WhiteTitle "WIM"]
[BlackTitle "IM"]
[WhiteElo "2179"]
[BlackElo "2418"]
[WhiteFideId "5005736"]
[BlackFideId "308633"]
[EventDate "2016.05.27"]

1. e4 d6 2. d4 Nf6 3. Nc3 g6 4. Be3 Bg7 5. Qd2 c6 6. Nf3 b5 7. Bd3 Nbd7 8. O-O
O-O 9. h3 e5 10. dxe5 dxe5 11. a4 b4 12. Ne2 a5 13. Ng3 Qe7 14. c3 c5 15. Rfd1
Bb7 16. Bb5 Rfd8 17. cxb4 cxb4 18. Qd6 Qxd6 19. Rxd6 Bf8 20. Rdd1 Nc5 21. Nxe5
Nfxe4 22. Nxe4 Nxe4 23. Nc4 Bc5 24. Rxd8+ Rxd8 25. Bxc5 Nxc5 26. Nxa5 Ba6 27.
Bxa6 Nxa6 28. Rc1 Rd5 29. Nb7 Rd7 30. Rc6 Rxb7 31. Rxa6 b3 32. a5 Rc7 33. Ra8+
Kg7 34. a6 Rc2 35. a7 1-0

[Event "35th Zalakaros Open 2016"]
[Site "Zalakaros HUN"]
[Date "2016.05.28"]
[Round "2.37"]
[White "Paszewski, Mateusz"]
[Black "Cebalo, Miso"]
[Result "0-1"]
[BlackTitle "GM"]
[WhiteElo "2218"]
[BlackElo "2407"]
[WhiteFideId "1141058"]
[BlackFideId "14500094"]
[EventDate "2016.05.27"]

1. c4 c5 2. g3 g6 3. Bg2 Bg7 4. Nc3 Nc6 5. Nf3 d6 6. O-O h5 7. a3 a5 8. d3 Nh6
9. Rb1 Nf5 10. h4 Bd7 11. Bd2 Rb8 12. Ne1 Nfd4 13. e3 Nf5 14. Nc2 Ne5 15. Qe2
O-O 16. Rfc1 Bc6 17. b4 axb4 18. axb4 Bxg2 19. Kxg2 Qd7 20. e4 Nd4 21. Nxd4 cxd4
22. Nb5 Nc6 23. Na3 Ra8 24. Ra1 f5 25. Nc2 fxe4 26. Qxe4 Qf5 27. Qxf5 gxf5 28.
b5 Ne5 29. Nb4 Nd7 30. f3 Nc5 31. Rcb1 Kf7 32. Kf2 Bf6 33. Ke2 Rg8 34. Be1 e6
35. Nc2 Rxa1 36. Rxa1 f4 37. g4 hxg4 38. fxg4 Rxg4 39. Bf2 Rg2 40. Ne1 Rh2 41.
Nf3 Rh3 42. Rd1 e5 43. Ng1 Rh2 44. Nf3 Rg2 45. Kf1 Rg8 46. Be1 Ke6 47. Bb4 Rg3
48. Kf2 e4 49. dxe4 Nxe4+ 50. Ke2 Nc3+ 51. Bxc3 dxc3 52. Rh1 Kf5 53. Rd1 Ke4 54.
Rxd6 Rxf3 55. Rxf6 Rh3 56. Rd6 Rh1 0-1

[Event "35th Zalakaros Open 2016"]
[Site "Zalakaros HUN"]
[Date "2016.05.28"]
[Round "2.38"]
[White "Spalir, Jernej"]
[Black "Miron, Lucian-Costin"]
[Result "1/2-1/2"]
[WhiteTitle "FM"]
[BlackTitle "IM"]
[WhiteElo "2330"]
[BlackElo "2524"]
[WhiteFideId "14606518"]
[BlackFideId "1210920"]
[EventDate "2016.05.27"]

1. d4 Nf6 2. c4 e6 3. Nf3 Bb4+ 4. Bd2 a5 5. g3 d5 6. Qc2 Nc6 7. a3 Bxd2+ 8.
Nbxd2 dxc4 9. Qxc4 O-O 10. Bg2 Qd5 11. O-O Rd8 12. e3 Qxc4 13. Nxc4 a4 14. Rac1
Ne8 15. Ne1 Ne7 16. Nd3 Ra7 17. Rfd1 f6 18. Nb4 Nd5 19. Nd3 Ne7 20. Nb4 Kf7 21.
Nd2 Nd5 22. Nd3 Bd7 23. e4 Ne7 24. Nb4 Nc6 25. Nxc6 Bxc6 26. Nc4 Bb5 27. Ne3 Ra6
28. d5 exd5 29. exd5 g6 30. Rd4 Bd7 31. Rb4 b6 32. Nc2 Ra5 33. Nd4 Rc5 34. Rbc4
Rxc4 35. Rxc4 Ra8 36. d6 Ra7 37. dxc7 Rxc7 38. Rxc7 Nxc7 39. Kf1 Ke7 40. h4 Kd6
41. Ke2 Kc5 42. Kd3 Bc8 43. Ne2 Bf5+ 44. Kc3 Nb5+ 45. Kd2 Nd6 46. Nc3 b5 47. Bf1
Nc4+ 48. Kc1 Nd6 49. Kd2 g5 50. Be2 h6 51. Bf1 Bd7 52. Bd3 Bc6 53. Kc2 b4 54.
axb4+ Kxb4 55. Na2+ Kc5 56. Kd2 Nc4+ 57. Kc3 Ne5 58. Nb4 Bd7 1/2-1/2

[Event "35th Zalakaros Open 2016"]
[Site "Zalakaros HUN"]
[Date "2016.05.28"]
[Round "2.39"]
[White "Wukits, Rene"]
[Black "Aczel, Gergely"]
[Result "0-1"]
[WhiteTitle "FM"]
[BlackTitle "IM"]
[WhiteElo "2320"]
[BlackElo "2502"]
[WhiteFideId "1605410"]
[BlackFideId "727709"]
[EventDate "2016.05.27"]

1. d4 Nf6 2. Nf3 e6 3. e3 b6 4. Bd3 Bb7 5. Nbd2 c5 6. O-O d5 7. b3 cxd4 8. exd4
Bd6 9. Bb2 O-O 10. Qe2 Qe7 11. a3 Nbd7 12. Ne5 Rfc8 13. f4 g6 14. c4 Rc7 15. Kh1
Rd8 16. Ndf3 Nh5 17. g3 Nf8 18. Ng4 f5 19. Nh6+ Kg7 20. c5 Bxf4 21. gxf4 Kxh6
22. cxb6 axb6 23. a4 Qf6 24. Rac1 Rdc8 25. Rxc7 Rxc7 26. Rc1 Rxc1+ 27. Bxc1 Nd7
28. b4 Qe7 29. Ng5 Qxb4 30. Nxe6 Ndf6 31. Bd2 Qxa4 32. Nd8 Qd7 33. Ne6 Ne4 34.
Ng5 Neg3+ 0-1

[Event "35th Zalakaros Open 2016"]
[Site "Zalakaros HUN"]
[Date "2016.05.28"]
[Round "2.40"]
[White "Deac, Bogdan-Daniel"]
[Black "Marosi, Levente"]
[Result "1-0"]
[WhiteTitle "IM"]
[BlackTitle "FM"]
[WhiteElo "2501"]
[BlackElo "2318"]
[WhiteFideId "1226380"]
[BlackFideId "747181"]
[EventDate "2016.05.27"]

1. Nf3 Nf6 2. c4 g6 3. g3 Bg7 4. Bg2 O-O 5. Nc3 d6 6. d4 Nbd7 7. O-O e5 8. e4
exd4 9. Nxd4 Re8 10. h3 a6 11. Be3 Rb8 12. b3 c5 13. Nc2 b5 14. Qxd6 b4 15. Na4
Nxe4 16. Bxe4 Rxe4 17. Rad1 Qe8 18. Nxc5 Re7 19. Bg5 f6 20. Nxd7 Bxd7 21. Rfe1
Be6 22. Bf4 Rbb7 23. Qxa6 Ra7 24. Qb6 Bf8 25. Rxe6 1-0

[Event "35th Zalakaros Open 2016"]
[Site "Zalakaros HUN"]
[Date "2016.05.28"]
[Round "2.41"]
[White "Szabo, Attila1"]
[Black "Sundararajan, Kidambi"]
[Result "1/2-1/2"]
[WhiteTitle "FM"]
[BlackTitle "GM"]
[WhiteElo "2315"]
[BlackElo "2469"]
[WhiteFideId "1206532"]
[BlackFideId "5005370"]
[EventDate "2016.05.27"]

1. c4 e6 2. Nf3 d5 3. b3 c5 4. cxd5 exd5 5. d4 Nc6 6. Bb2 Nf6 7. e3 cxd4 8. Nxd4
Bb4+ 9. Bc3 Bd6 10. Nxc6 bxc6 11. Bd3 O-O 12. Nd2 c5 13. O-O d4 14. exd4 cxd4
15. Bb2 Bg4 16. Nf3 Bc7 17. h3 Bh5 18. g4 Nxg4 19. hxg4 Bxg4 20. Be4 d3 21. Kg2
Re8 22. Qxd3 Bxf3+ 23. Kxf3 Qh4 24. Bxh7+ Qxh7 25. Qxh7+ Kxh7 26. Rac1 Be5 27.
Bxe5 Rxe5 28. Rh1+ Kg8 29. Rh4 Rae8 30. Rc2 g6 1/2-1/2

[Event "35th Zalakaros Open 2016"]
[Site "Zalakaros HUN"]
[Date "2016.05.28"]
[Round "2.42"]
[White "Gorcsi, Gabor"]
[Black "Nomin-Erdene, Davaademberel"]
[Result "0-1"]
[WhiteTitle "FM"]
[BlackTitle "IM"]
[WhiteElo "2304"]
[BlackElo "2448"]
[WhiteFideId "763411"]
[BlackFideId "4900782"]
[EventDate "2016.05.27"]

1. d4 d5 2. c4 dxc4 3. Nf3 Nf6 4. e3 e6 5. Bxc4 c5 6. O-O Nc6 7. Nc3 a6 8. a4
Be7 9. h3 Qc7 10. Qe2 O-O 11. Rd1 Rd8 12. b3 b6 13. Bb2 Bb7 14. d5 exd5 15. Nxd5
Nxd5 16. Bxd5 Na5 17. Bxb7 Qxb7 18. Qc2 Nc6 19. Qe4 Na5 20. Qg4 Bf8 21. Ng5 Qe7
22. Ne4 Kh8 23. Qf5 Qe6 24. Qxe6 fxe6 25. Ng5 Re8 26. Rd3 Kg8 27. Rad1 h6 28.
Nf3 Be7 29. Nd2 b5 30. axb5 axb5 31. Rd7 Rad8 32. Ne4 Nxb3 33. Rxd8 Rxd8 34.
Rxd8+ Bxd8 35. Kf1 Be7 36. Ke2 c4 37. Kd1 Nc5 38. Nxc5 Bxc5 39. Ke2 b4 40. Be5
b3 41. Bc3 Bb4 42. Bd4 Kf7 43. e4 c3 44. Kd3 c2 45. Bb2 Bd6 46. Kc4 Bf4 0-1

[Event "35th Zalakaros Open 2016"]
[Site "Zalakaros HUN"]
[Date "2016.05.28"]
[Round "2.43"]
[White "Nguyen, Piotr"]
[Black "Krstulovic, Alex"]
[Result "1-0"]
[WhiteTitle "IM"]
[BlackTitle "FM"]
[WhiteElo "2446"]
[BlackElo "2292"]
[WhiteFideId "1127993"]
[BlackFideId "760056"]
[EventDate "2016.05.27"]

1. Nf3 d5 2. g3 Nf6 3. Bg2 c6 4. c4 Bg4 5. Ne5 Bf5 6. cxd5 cxd5 7. Qa4+ Nbd7 8.
Nc3 e6 9. g4 Bg6 10. h4 Bc2 11. Nxf7 Bxa4 12. Nxd8 Rxd8 13. Nxa4 Bd6 14. g5 Nh5
15. d4 b5 16. Nc3 b4 17. Na4 O-O 18. e3 g6 19. Bd2 Rc8 20. Ke2 Rc2 21. Bh3 Ng7
22. Rac1 Rfc8 23. Nc5 Rxc1 24. Rxc1 Bxc5 25. dxc5 b3 26. axb3 Rxc5 27. Rxc5 Nxc5
28. b4 Na4 29. Bc3 Nf5 30. Bxf5 exf5 31. Kd3 Kf7 32. b3 Nb6 33. Kd4 Ke6 34. Kc5
Kd7 35. b5 Ke6 36. Kc6 Nc8 37. Bd4 1-0

[Event "35th Zalakaros Open 2016"]
[Site "Zalakaros HUN"]
[Date "2016.05.28"]
[Round "2.44"]
[White "Piasetski, Leon"]
[Black "Kantor, Gergely"]
[Result "1-0"]
[WhiteTitle "IM"]
[BlackTitle "IM"]
[WhiteElo "2292"]
[BlackElo "2424"]
[WhiteFideId "2600072"]
[BlackFideId "751499"]
[EventDate "2016.05.27"]

1. c4 Nf6 2. Nf3 e6 3. g3 d5 4. Bg2 dxc4 5. Qa4+ Bd7 6. Qxc4 c5 7. Ne5 Qc8 8.
Nxd7 Qxd7 9. Nc3 Nc6 10. Qa4 Rc8 11. d3 Be7 12. Bg5 O-O 13. O-O h6 14. Bxf6 Bxf6
15. Ne4 Be7 16. Rac1 b6 17. Rfd1 Rfd8 18. Nc3 Qb7 19. e3 a6 20. Qg4 Qd7 21. Qe2
b5 22. a3 Qa7 23. Ne4 Ne5 24. f4 Nd7 25. Bf3 Nf6 26. Nf2 Nd5 27. Kh1 a5 28. Ne4
Qb6 29. Nc3 a4 30. Nxd5 exd5 31. e4 dxe4 32. dxe4 c4 33. e5 Bc5 34. Qe4 Be3 35.
Rxd8+ Rxd8 36. Re1 Bd4 37. Re2 c3 38. bxc3 Bxc3 39. f5 Re8 40. e6 fxe6 41. fxe6
Bf6 42. Bh5 Rc8 43. Bf7+ Kh8 44. e7 Rc1+ 45. Kg2 Bxe7 46. Qxe7 Qg1+ 47. Kh3 Qf1+
48. Kg4 Rc8 49. Bg6 Rc4+ 50. Re4 Qe2+ 51. Kh3 Qf1+ 52. Kh4 Rxe4+ 53. Qxe4 Qf6+
54. Kg4 Qg5+ 55. Kh3 Qd8 56. Qe8+ Qxe8 57. Bxe8 b4 58. axb4 a3 59. Bf7 g6 60. b5 1-0

[Event "35th Zalakaros Open 2016"]
[Site "Zalakaros HUN"]
[Date "2016.05.28"]
[Round "2.45"]
[White "Meszaros, Tamas"]
[Black "Horvath, Dominik"]
[Result "1-0"]
[WhiteTitle "IM"]
[WhiteElo "2409"]
[BlackElo "2286"]
[WhiteFideId "717410"]
[BlackFideId "1642561"]
[EventDate "2016.05.27"]

1. e4 c5 2. Nf3 e6 3. c4 Nc6 4. Nc3 Nf6 5. Be2 b6 6. d4 cxd4 7. Nxd4 Bb7 8. O-O
Qb8 9. Nxc6 Bxc6 10. Qd3 Qe5 11. f4 Bc5+ 12. Be3 Bxe3+ 13. Qxe3 Qc5 14. Qxc5
bxc5 15. Bf3 Rc8 16. e5 Ng8 17. Nb5 Bxb5 18. cxb5 Ne7 19. a4 Ng6 20. a5 Nxf4 21.
b6 axb6 22. Bb7 Ne2+ 23. Kf2 Rc7 24. a6 Nf4 25. Ke3 Ng6 26. a7 Ke7 27. a8=Q Rxa8
28. Bxa8 Nxe5 29. b3 d5 30. Ra6 d4+ 31. Ke4 Nd7 32. Rfa1 f5+ 33. Kd3 Kf6 34. Ra7
Ne5+ 35. Kd2 Rc8 36. Bb7 Rd8 37. Ba6 Ng4 38. Bc4 Rd6 39. Rb7 e5 40. Ra6 Kg5 41.
Raxb6 Rd8 42. Rxg7+ Kf4 43. g3+ Ke4 44. Bd3+ Kd5 45. Bxf5 Nxh2 46. Kd3 1-0

[Event "35th Zalakaros Open 2016"]
[Site "Zalakaros HUN"]
[Date "2016.05.28"]
[Round "2.46"]
[White "Balint, Vilmos"]
[Black "Del Rey, Diego"]
[Result "1-0"]
[BlackTitle "IM"]
[WhiteElo "2289"]
[BlackElo "2388"]
[WhiteFideId "718050"]
[BlackFideId "102164"]
[EventDate "2016.05.27"]

1. Nf3 Nf6 2. g3 g6 3. Bg2 Bg7 4. O-O O-O 5. c4 d6 6. d4 Nbd7 7. Nc3 e5 8. e4 c6
9. h3 Qb6 10. Re1 exd4 11. Nxd4 Ng4 12. Nce2 Nge5 13. b3 Nc5 14. Be3 a5 15. Rb1
Re8 16. Qc2 Qc7 17. Rbd1 Qe7 18. Nc3 h5 19. f4 Ned7 20. a3 Nf8 21. b4 axb4 22.
axb4 Nce6 23. Nf3 Ra3 24. Rd3 Nc7 25. Nd5 Nxd5 26. Rxa3 Nxb4 27. Qb1 c5 28. Bf2
Be6 29. Bf1 Qc7 30. Nd4 Bd7 31. Nb5 Bxb5 32. cxb5 Ne6 33. Rd1 h4 34. f5 Ng5 35.
fxg6 fxg6 36. Bg2 Be5 37. gxh4 Ne6 38. Bg3 Nd4 39. Kh1 Nxb5 40. Bxe5 Rxe5 41.
Ra8+ Kg7 42. Rf1 Qe7 43. Qb3 Qe6 44. Qf3 Qe7 45. Rf8 1-0

[Event "35th Zalakaros Open 2016"]
[Site "Zalakaros HUN"]
[Date "2016.05.28"]
[Round "2.47"]
[White "Tompa, Janos"]
[Black "Hardicsay, Peter"]
[Result "1/2-1/2"]
[WhiteTitle "IM"]
[BlackTitle "IM"]
[WhiteElo "2384"]
[BlackElo "2245"]
[WhiteFideId "700193"]
[BlackFideId "700622"]
[EventDate "2016.05.27"]

1. Nf3 d5 2. g3 c6 3. Bg2 Nf6 4. b3 Bg4 5. Bb2 Nbd7 6. c4 e6 7. d3 Be7 8. Nbd2
O-O 9. O-O a5 10. a3 Re8 11. Re1 Qb8 12. Rc1 Rd8 13. Rc2 1/2-1/2

[Event "35th Zalakaros Open 2016"]
[Site "Zalakaros HUN"]
[Date "2016.05.28"]
[Round "2.48"]
[White "Dankhazi, Andras"]
[Black "Hnydiuk, Aleksander"]
[Result "1/2-1/2"]
[WhiteTitle "FM"]
[BlackTitle "IM"]
[WhiteElo "2267"]
[BlackElo "2381"]
[WhiteFideId "714267"]
[BlackFideId "1109057"]
[EventDate "2016.05.27"]

1. d4 Nf6 2. c4 e6 3. Nf3 d5 4. Nc3 c5 5. cxd5 Nxd5 6. g3 Nxc3 7. bxc3 cxd4 8.
cxd4 Bb4+ 9. Bd2 Bxd2+ 10. Qxd2 b6 11. Bg2 Bb7 12. O-O O-O 13. Rac1 Qe7 14. Ne5
Bxg2 15. Kxg2 Qb7+ 16. f3 Nd7 17. Nxd7 Qxd7 18. Rc4 Rac8 1/2-1/2

[Event "35th Zalakaros Open 2016"]
[Site "Zalakaros HUN"]
[Date "2016.05.28"]
[Round "2.49"]
[White "Damia, Angelo"]
[Black "Fogarasi, Tibor"]
[Result "0-1"]
[WhiteTitle "FM"]
[BlackTitle "GM"]
[WhiteElo "2254"]
[BlackElo "2372"]
[WhiteFideId "812668"]
[BlackFideId "700363"]
[EventDate "2016.05.27"]

1. e4 c5 2. Nf3 e6 3. d4 cxd4 4. Nxd4 a6 5. Nc3 Qc7 6. Qg4 Nf6 7. Qg3 Qxg3 8.
hxg3 d6 9. f3 b5 10. a4 b4 11. Na2 e5 12. Nb3 d5 13. Bd2 Nc6 14. exd5 Nxd5 15.
a5 f5 16. O-O-O Be6 17. Bc4 Nc7 18. Bxe6 Nxe6 19. Rh4 f4 20. gxf4 exf4 21. Re1
Kf7 22. Re4 g5 23. Rh1 Rb8 24. Rhe1 Nc5 25. Nxc5 Bxc5 26. Bxf4 gxf4 27. Rxf4+
Kg7 28. Rg4+ Kf6 29. Rf4+ Kg5 30. Rc4 Rb5 31. Re6 Rc8 32. Kb1 Nxa5 33. Rg4+ Kf5
34. Rxa6 Re8 35. Nxb4 Bxb4 36. Rh6 Re1+ 37. Ka2 Rb7 38. Rh5+ Ke6 39. Rh6+ Kd5
40. Rg5+ Re5 41. Rxe5+ Kxe5 42. c3 Bxc3 43. bxc3 Nc4 44. Rh5+ Kf6 45. Rh4 Ne3
46. Rf4+ Kg6 47. Re4 Nd1 48. Rg4+ Kf5 49. g3 Nxc3+ 50. Ka3 Ne2 51. Rg8 Nxg3 52.
Rxg3 h5 53. Rh3 Kg5 54. Ka2 h4 55. Ka1 Rh7 56. Kb2 Kf4 57. Kc1 Ke3 58. f4+ Kf2
59. Kd2 Kg2 60. Ra3 h3 0-1

[Event "35th Zalakaros Open 2016"]
[Site "Zalakaros HUN"]
[Date "2016.05.28"]
[Round "2.50"]
[White "Skawinski, Arkadiusz"]
[Black "Tirelli, Mauro"]
[Result "1-0"]
[WhiteTitle "FM"]
[WhiteElo "2367"]
[BlackElo "2217"]
[WhiteFideId "1126415"]
[BlackFideId "845353"]
[EventDate "2016.05.27"]

1. d4 Nf6 2. c4 e6 3. Nf3 Bb4+ 4. Nbd2 d6 5. a3 Bxd2+ 6. Qxd2 a5 7. b3 b6 8. e3
Bb7 9. Be2 Nbd7 10. Bb2 O-O 11. O-O Ne4 12. Qc2 f5 13. d5 e5 14. b4 c6 15. dxc6
Bxc6 16. Bd3 Qe7 17. Rfd1 Ndf6 18. h3 Rfc8 19. Nh4 g6 20. Nf3 Qb7 21. Ne1 b5 22.
f3 Ng5 23. Qe2 axb4 24. cxb5 Bd7 25. a4 Nf7 26. Bc4 d5 27. Bb3 Be6 28. Qd2 Rc4
29. Bxc4 dxc4 30. Qxb4 1-0

[Event "35th Zalakaros Open 2016"]
[Site "Zalakaros HUN"]
[Date "2016.05.28"]
[Round "2.51"]
[White "Hristodoulou, Panagiotis"]
[Black "Havasi, Gergo"]
[Result "1-0"]
[WhiteTitle "FM"]
[WhiteElo "2245"]
[BlackElo "2367"]
[WhiteFideId "4214340"]
[BlackFideId "760293"]
[EventDate "2016.05.27"]

1. e4 c5 2. Nf3 d6 3. d4 cxd4 4. Nxd4 Nf6 5. Nc3 a6 6. Bg5 Nbd7 7. Qe2 e6 8. f4
Qc7 9. O-O-O Be7 10. g4 b5 11. Bg2 Bb7 12. a3 Rc8 13. Rhe1 Qc4 14. Qd2 b4 15.
axb4 Qxb4 16. e5 Nb6 17. Nb3 Nc4 18. Qd4 dxe5 19. fxe5 Bc5 20. Qd3 Bxg2 21. exf6
O-O 22. fxg7 Rfe8 23. Ne4 Bxe4 24. Rxe4 Bb6 25. Bf6 Qa4 26. g5 Bf2 27. Rf1 Be3+
28. Kb1 e5 29. Rxe3 Nxe3 30. Qxe3 Rxc2 31. Rd1 Rcc8 32. Rc1 Rxc1+ 33. Nxc1 Rc8
34. Nb3 Rb8 35. Kc2 Qc4+ 36. Qc3 Qe4+ 37. Kc1 Qf5 38. Nc5 Rc8 39. Be7 Rc7 40.
Bf8 Qxg5+ 41. Kb1 Qg6+ 42. Ka2 f6 43. Qb3+ Qf7 44. Ne4 Qxb3+ 45. Kxb3 Rxg7 46.
Bxg7 Kxg7 47. Nc5 f5 48. Kc4 e4 49. Kd4 a5 50. Ke5 Kg6 51. Kf4 Kf6 52. b3 h5 53.
h4 Ke7 54. Nb7 Ke6 55. Nxa5 Kd5 56. Nc4 Kd4 57. Ne3 Kc3 58. Nxf5 Kxb3 59. Kxe4
Kc4 60. Ng3 1-0

[Event "35th Zalakaros Open 2016"]
[Site "Zalakaros HUN"]
[Date "2016.05.28"]
[Round "2.52"]
[White "Baskin, Robert"]
[Black "Goczo, Melinda"]
[Result "1-0"]
[WhiteTitle "FM"]
[BlackTitle "WIM"]
[WhiteElo "2359"]
[BlackElo "2175"]
[WhiteFideId "24662402"]
[BlackFideId "711985"]
[EventDate "2016.05.27"]

1. e4 e6 2. d4 d5 3. Nd2 c5 4. exd5 Qxd5 5. Ngf3 cxd4 6. Bc4 Qd6 7. O-O Nf6 8.
Nb3 Nc6 9. Nbxd4 Nxd4 10. Nxd4 Bd7 11. c3 Qc7 12. Qe2 O-O-O 13. Nb5 Bxb5 14.
Bxb5 Bd6 15. g3 Kb8 16. Rd1 Nd5 17. Bc4 Ne7 18. Rxd6 Rxd6 19. Bf4 Rhd8 20. Bxd6
Rxd6 21. Bb3 Nc6 22. Re1 Na5 23. Bc2 Nc4 24. Bxh7 Rd2 25. Qg4 g6 26. Bxg6 fxg6
27. Qxe6 a6 28. Qxg6 Rxb2 29. h4 Qc5 30. Qe8+ Ka7 31. Re2 Rb1+ 32. Kg2 Rb6 33.
Qe4 Nd6 34. Qf3 Nf5 35. Kh3 Rh6 36. Re4 Qc8 37. Qg4 Qf8 38. Rf4 Rf6 39. Qf3 Qh6
40. Rxf5 1-0

[Event "35th Zalakaros Open 2016"]
[Site "Zalakaros HUN"]
[Date "2016.05.28"]
[Round "2.53"]
[White "Boguszlavszkij, Jevgenyij"]
[Black "Dolana, Andrei-Theodor"]
[Result "1-0"]
[WhiteTitle "IM"]
[BlackTitle "FM"]
[WhiteElo "2212"]
[BlackElo "2354"]
[WhiteFideId "700614"]
[BlackFideId "1219804"]
[EventDate "2016.05.27"]

1. e4 d6 2. g3 g6 3. Bg2 Bg7 4. Ne2 c5 5. d4 cxd4 6. Nxd4 Nc6 7. Ne2 Nf6 8. Nbc3
O-O 9. O-O Bd7 10. Nd5 Nxd5 11. exd5 Na5 12. a4 Qc7 13. Ra2 a6 14. b3 b5 15.
axb5 axb5 16. Bb2 Bxb2 17. Rxb2 Nb7 18. b4 e5 19. dxe6 fxe6 20. Nf4 Ra6 21. Qd3
Nd8 22. Re1 Qa7 23. c3 e5 24. Nd5 Ne6 25. Rd2 Kh8 26. h4 Ng7 27. Qe2 Nf5 28. Kh2
Nh6 29. Ne3 Qc7 30. Rc1 Ra3 31. Qd3 Ng4+ 32. Nxg4 Bxg4 33. f3 Bf5 34. Qxd6 Qxd6
35. Rxd6 e4 36. fxe4 Bg4 37. Rd2 Rc8 38. Rdc2 Kg7 39. Bf1 Bd7 40. e5 Bf5 41. Bh3
Bxh3 42. Kxh3 Rd8 43. Re1 Kf7 44. Re3 Ke6 45. Rf2 1-0

[Event "35th Zalakaros Open 2016"]
[Site "Zalakaros HUN"]
[Date "2016.05.28"]
[Round "2.54"]
[White "Nihal, Sarin"]
[Black "Balokas, Dimitrios"]
[Result "1-0"]
[WhiteTitle "FM"]
[WhiteElo "2349"]
[BlackElo "2170"]
[WhiteFideId "25092340"]
[BlackFideId "4216920"]
[EventDate "2016.05.27"]

1. d4 Nf6 2. c4 e6 3. Nf3 d5 4. Nc3 c6 5. e3 Nbd7 6. Qc2 Bd6 7. b3 O-O 8. Bb2 e5
9. Be2 Re8 10. cxd5 cxd5 11. Nb5 Bb8 12. dxe5 Nxe5 13. Nxe5 Bxe5 14. Bxe5 Rxe5
15. O-O Bd7 16. Nd4 Rc8 17. Qb2 Re8 18. Rac1 Qb6 19. Bd3 g6 20. Rxc8 Rxc8 21.
Rc1 Rxc1+ 22. Qxc1 Ne4 23. Bxe4 dxe4 24. Qa3 Qc7 25. h3 Qc3 26. Qxa7 Qc1+ 27.
Kh2 Qc7+ 28. Kg1 Qc1+ 29. Kh2 Qc7+ 30. g3 h5 31. Qa8+ Kg7 32. Qa3 h4 33. Qb2
hxg3+ 34. fxg3 Kg8 35. Qc2 Qe5 36. Kg2 Qh5 37. g4 Qe5 38. Qf2 Qa5 39. Kg3 Qc7+
40. Qf4 Qc1 41. Qf2 Qc7+ 42. Kg2 Qa5 43. a4 Qc3 44. Qf4 Qd2+ 45. Kg3 Qe1+ 46.
Qf2 Qc3 47. Kf4 Qd3 48. Ke5 Bc6 49. Qf4 Qc3 50. Kf6 Qe1 51. Qh6 Qf2+ 52. Nf5
Qb2+ 53. Nd4 Qf2+ 54. Ke7 Bd5 55. Qg5 Bc6 56. Qf6 Qxe3 57. Qxf7+ Kh8 58. Qf6+
Kh7 59. Ne6 Qh6 60. g5 1-0